| 000 | 00470nam a22001697a 4500 | ||
|---|---|---|---|
| 999 |
_c12379 _d12379 |
||
| 008 | 210129b ||||| |||| 00| 0 eng d | ||
| 041 | _ahin | ||
| 082 | 0 | 0 |
_a891.43 _bT654 |
| 100 |
_94028 _aTolstoy, Leo |
||
| 245 | 1 | 0 |
_aSukhi Dampati / _cby Leo Tolstoy |
| 245 | 1 | 0 |
_aसुखी दंपती / _cलियो टॉल्स्टॉय |
| 260 |
_a[s.l.] _bSanmarg Prakashan, _c? |
||
| 300 | _a. | ||
| 365 |
_aRs. _b100.00 |
||
| 650 | 0 | _aHindi fiction | |
| 942 | _cBK | ||